| 000 | 01015nam a2200229 4500 | ||
|---|---|---|---|
| 005 | 20240530110939.0 | ||
| 008 | 221025s2021 ua af f 000 0 ara d | ||
| 017 |
_a2019/9262 _bمصر. دار الكتب |
||
| 020 | _a9789777359894 | ||
| 040 |
_aEG-CaGPL _cEG-CaGPL |
||
| 082 | 0 | 8 |
_221 _a704.948/ _bق/ع م |
| 100 | 0 | _aعبدالحميد عبدالسلام محمد عبدالرحمن عليو | |
| 245 | 1 | 0 |
_aمجموعة التمائم والاحجية المحفوظة فى متحف الفن الاسلامى بالقاهرة : _bدراسة اثارية فنية / _cعبدالحميد عبدالسلام محمد عبدالرحمن عليو |
| 250 | _aط.1 | ||
| 260 |
_aالاسكندرية : _bدار الوفاء لدنيا الطباعة و النشر، _c2021. |
||
| 300 |
_a760 ص. : _bايض ؛ _c24 سم. |
||
| 650 | 0 | 7 |
_2qrmak _aالاحجبة والتمائم |
| 650 | 0 | 7 |
_2qrmak _aالفن الاسلامى |
| 651 | _2qrmak | ||
| 942 |
_2ddc _cBK |
||
| 999 |
_c66785 _d66785 |
||